Lịch sử các học thuyết chính trị trên thế giới
Lịch sử và đặc trưng của của các tư tưởng và các học thuyết chính trị trên thế giới từ thời các quốc gia chiếm hữu nô lệ phương Đông, La Mã đến các học thuyết về chuyên chính vô sản của cách mạng XHCN ở Nga và học thuyết chính trị tư sản trong thời kì đế quốc chủ nghĩa...
Đã lưu trong:
| Údair Eile: | , |
|---|---|
| Formáid: | Leabhar |
| Teanga: | Vietnamese |
| Foilsithe: |
H.
Văn hoá Thông tin
2001
|
| Ábhair: | |
| Clibeanna: |
Cuir Clib Leis
Gan Chlibeanna, Bí ar an gcéad duine leis an taifead seo a chlibeáil!
|
| Thư viện lưu trữ: | Mạng thư viện Đại học Đà Nẵng |
|---|
| LEADER | 01506nam a2200349 4500 | ||
|---|---|---|---|
| 001 | 000007225 | ||
| 003 | 3386 | ||
| 005 | 20111101081153.0 | ||
| 008 | 110927s2001 viesd | ||
| 020 | |c 70000đ | ||
| 041 | 0 | |a vie | |
| 082 | |a 320.9 |b Lic | ||
| 245 | 0 | |a Lịch sử các học thuyết chính trị trên thế giới |c Ng. dịch: Lưu Kiếm Thanh.. | |
| 260 | |a H. |b Văn hoá Thông tin |c 2001 | ||
| 300 | |a 718 tr |c 19 cm | ||
| 520 | |a Lịch sử và đặc trưng của của các tư tưởng và các học thuyết chính trị trên thế giới từ thời các quốc gia chiếm hữu nô lệ phương Đông, La Mã đến các học thuyết về chuyên chính vô sản của cách mạng XHCN ở Nga và học thuyết chính trị tư sản trong thời kì đế quốc chủ nghĩa | ||
| 653 | |a Lịch sử | ||
| 653 | |a Thế giới | ||
| 653 | |a Học thuyết chính trị | ||
| 700 | |a Lưu Kiếm Thanh |e Dịch | ||
| 700 | |a Phạm Hồng Thái |e Dịch | ||
| 910 | |a Nguyễn Thị Kim Oanh |d 27/09/2011 | ||
| OWN | |a LSP | ||
| AVA | |a UDN50 |b LSP |d 320.9 Lic |e available |t Error 5001 Not defined in file expand_doc_bib_avail. |f 10 |g 0 |h N |i 1 |k 1 | ||
| 999 | |a From the UDN01 | ||
| AVA | |a UDN50 |b LSP |d 320.9 Lic |e available |t Error 5001 Not defined in file expand_doc_bib_avail. |f 10 |g 0 |h N |i 1 |k 1 | ||
| TYP | |a Monograph | ||
| TYP | |a Printed language | ||
| 980 | |a Mạng thư viện Đại học Đà Nẵng | ||